LEADER 01799nam 2200445Ia 450 001 996386278603316 005 20200824132132.0 035 $a(CKB)4940000000080675 035 $a(EEBO)2240866939 035 $a(OCoLC)ocm13460367e 035 $a(OCoLC)13460367 035 $a(EXLCZ)994940000000080675 100 $a19860421d1689 uy | 101 0 $aeng 135 $aurbn||||a|bb| 200 14$aThe whole duty of man$b[electronic resource] $elaid down in a plain and familiar way for the use of all, bur especially the meanest reader : divided into XVII chapters, one whereof being read every Lord's Day the whole may be read over thrice in the year : necessary for all families : with Private devotions for several occasions 210 $aLondon $cPrinted by R. Norton for George Pawlet ...$d1689 215 $a[24], 372 p 300 $aWritten by Richard Allestree. Cf. DNB. 300 $aAlso variously ascribed to Lady Dorothy Pakington, Richard Sterne, John Fell, Hunphrey Henchman, and others. Cf. DNB. 300 $aImperfect: "Private devotions" lacking. 300 $aReproduction of original in Bodleian Library. 330 $aeebo-0014 606 $aChristian life$vEarly works to 1800 606 $aDevotional exercises 615 0$aChristian life 615 0$aDevotional exercises. 700 $aAllestree$b Richard$f1619-1681.$0793142 701 $aPakington$b Dorothy Coventry$cLady,$fd. 1679.$01001112 701 $aSterne$b Richard$f1596?-1683.$01001111 701 $aFell$b John$f1625-1686.$01001113 701 $aHenchman$b Humphrey$f1592-1675.$0793659 801 0$bEAA 801 1$bEAA 801 2$bm/c 801 2$bWaOLN 906 $aBOOK 912 $a996386278603316 996 $aThe whole duty of man$92343430 997 $aUNISA LEADER 02387 am 2200565 n 450 001 9910136927103321 005 20150612 010 $a2-916125-27-2 024 7 $a10.4000/books.alpara.1668 035 $a(CKB)3710000000718668 035 $a(FrMaCLE)OB-alpara-1668 035 $a(oapen)https://directory.doabooks.org/handle/20.500.12854/43052 035 $a(PPN)198370164 035 $a(EXLCZ)993710000000718668 100 $a20160602j|||||||| ||| 0 101 0 $afre 135 $auu||||||m|||| 181 $ctxt$2rdacontent 182 $cc$2rdamedia 183 $acr$2rdacarrier 200 13$aLe Château d'Essertines $eLoire /$fFrançoise Piponnier 210 $aLyon $cAlpara$d2015 215 $a1 online resource (180 p.) 311 $a2-906190-12-8 330 $aJuché dès le tournant des XI-XIIe s. sur un éperon rocheux aux pentes vertigineuses, dominant le cours d?un torrent montagnard, le château d?Essertines a constitué pendant tout le Moyen Âge une défense rapprochée de Montbrison, capitale des comtes de Forez. Sa situation, ses enceintes et bon nombre des objets mis au jour par la fouille soulignent sa vocation militaire. L?exploration archéologique a redécouvert les bâtiments qui se sont succédé au c?ur de la forteresse, les traces des incendies qui les ont ravagés, et maints témoignages de la vie que menaient entre leurs murs les officiers de la châtellenie et les membres de la garnison. 606 $aExcavations (Archaeology)$zFrance$zMontbrison Region (Loire) 607 $aEssertines Site (France) 607 $aMontbrison Region (Loire, France)$xAntiquities 610 $achâteau 610 $acéramique 610 $averre 610 $amétal 610 $afaune 610 $amonnaies 610 $aarchéologie 615 0$aExcavations (Archaeology) 676 $a944/.581 700 $aAlexandre-Bidon$b Danièle$0405752 701 $aBeck-Bossard$b Corinne$01315916 701 $aGourgousse$b Yves$01315917 701 $aMaccari-Poisson$b Bruna$01284829 701 $aPesez$b Jean-Marie$0173063 701 $aPiponnier$b Françoise$0399455 701 $aPoisson$b Jean-Michel$090249 701 $aPiponnier$b Françoise$0399455 801 0$bFR-FrMaCLE 906 $aBOOK 912 $a9910136927103321 996 $aLe Château d'Essertines$93032578 997 $aUNINA